[Event "Senior DM 65+ 2022"]
[Site "Aalborg"]
[Date "2022.02.22"]
[Round "3.16"]
[White "Falberg, Hugo"]
[Black "Nielsen, Christian Volmer"]
[Result "1-0"]
[WhiteElo "1782"]
[BlackElo "1958"]
[PlyCount "121"]
[EventDate "2022.02.20"]
[EventType "swiss"]
[EventRounds "7"]
[EventCountry "DEN"]

1. f4 d5 2. Nf3 c5 3. e3 Nc6 4. Be2 Nf6 5. O-O g6 6. d3 Bg7 7. Qe1 Bg4 8. Nbd2
Qc7 9. h3 Bxf3 10. Bxf3 O-O 11. g4 e6 12. c3 Rad8 13. g5 Nd7 14. Qg3 b5 15. a3
a5 16. e4 Ne7 17. Bg4 dxe4 18. dxe4 c4 19. Qg2 Qc6 20. Bf3 Qc7 21. e5 Nc5 22.
Ne4 Nxe4 23. Bxe4 Rd7 24. Be3 Rfd8 25. Qf2 Nc8 26. Qf3 Bf8 27. Rad1 b4 28. axb4
axb4 29. Ra1 Bc5 30. cxb4 Bxb4 31. Qf2 Bd2 32. Ra2 Kg7 33. Kg2 Qb8 34. Bc5 Qb3
35. Rfa1 c3 36. bxc3 Bxc3 37. Qe3 Rd2+ 38. Rxd2 Rxd2+ 39. Kf3 Rh2 40. Kg3 Qb2
41. Ra8 Re2 42. Qf3 Be1+ 43. Kg4 Bf2 44. Rxc8 Bxc5 45. Rxc5 Re1 46. Rc2 Qd4 47.
Re2 Rg1+ 48. Rg2 Re1 49. Bc2 Re3 50. Qf2 Qc3 51. Rh2 h6 52. gxh6+ Kxh6 53. h4
Kg7 54. Rg2 Rh3 55. Be4 Re3 56. Bf3 Qd3 57. Kg3 Kh6 58. Rh2 Kg7 59. Rh3 Qc3 60.
h5 Re1 61. Kg2 1-0

[Event "Senior DM 65+ 2022"]
[Site "Aalborg"]
[Date "2022.02.22"]
[Round "3.17"]
[White "Pakmor, Claus"]
[Black "Marshall, Michael O"]
[Result "1-0"]
[WhiteElo "1900"]
[BlackElo "1746"]
[PlyCount "77"]
[EventDate "2022.02.20"]
[EventType "swiss"]
[EventRounds "7"]
[EventCountry "DEN"]

1. e4 e5 2. Nf3 Nf6 3. Nxe5 d6 4. Nf3 Nxe4 5. Nc3 Nxc3 6. dxc3 Be7 7. Be3 O-O
8. Qd2 Nc6 9. O-O-O Be6 10. Bd3 Ne5 11. Nxe5 dxe5 12. c4 Bf6 13. Qe2 Qe7 14. h4
e4 15. Bxe4 Qb4 16. c3 Qxc4 17. Qxc4 Bxc4 18. Bxb7 Rab8 19. Bd5 Bxd5 20. Rxd5
Rfd8 21. Rxd8+ Rxd8 22. Rd1 a6 23. Rxd8+ Bxd8 24. g3 Kf8 25. Kd2 Ke7 26. Kd3
Kd7 27. Kc4 c6 28. b4 Kc7 29. a4 Bf6 30. Bd4 Bxd4 31. Kxd4 Kb6 32. c4 h6 33. g4
Kb7 34. Kc5 Kc7 35. b5 cxb5 36. cxb5 axb5 37. axb5 f6 38. h5 Kb7 39. b6 1-0

[Event "Senior DM 65+ 2022"]
[Site "Aalborg"]
[Date "2022.02.22"]
[Round "3.18"]
[White "Pilgaard, Johannes"]
[Black "Mortensen, Steen Juul"]
[Result "0-1"]
[WhiteElo "1722"]
[BlackElo "1888"]
[PlyCount "36"]
[EventDate "2022.02.20"]
[EventType "swiss"]
[EventRounds "7"]
[EventCountry "DEN"]

1. e4 e5 2. Nc3 Nf6 3. f4 d5 4. exd5 e4 5. Bb5+ c6 6. dxc6 Nxc6 7. d4 Bb4 8.
Nge2 O-O 9. Bxc6 bxc6 10. O-O Re8 11. Be3 Ba6 12. Re1 Nd5 13. Qd2 Bxe2 14. Rxe2
Qa5 15. Qc1 Nxc3 16. bxc3 Bxc3 17. Bd2 Bxd4+ 18. Kh1 Qa6 0-1

[Event "Senior DM 65+ 2022"]
[Site "Aalborg"]
[Date "2022.02.23"]
[Round "4"]
[White "Kristensen, Lars Ostergaard"]
[Black "Rasmussen, Anders"]
[Result "1/2-1/2"]
[WhiteElo "1530"]
[BlackElo "1474"]
[PlyCount "43"]
[EventDate "2022.02.20"]
[EventType "swiss"]
[EventRounds "7"]
[EventCountry "DEN"]

1. d4 d5 2. c4 Nf6 3. Nc3 e6 4. cxd5 exd5 5. Bg5 c6 6. Qc2 Nbd7 7. e3 Qc7 8.
Bd3 h6 9. Bf4 Bd6 10. Bxd6 Qxd6 11. Nf3 O-O 12. O-O Re8 13. Rab1 Nf8 14. b4 b5
15. Rfc1 Bd7 16. Ne5 Rac8 17. Ne2 Ng4 18. Nxg4 Bxg4 19. Nf4 a6 20. Be2 Bxe2 21.
Qxe2 Ne6 22. Nxe6 1/2-1/2

[Event "Senior DM 65+ 2022"]
[Site "Aalborg"]
[Date "2022.02.23"]
[Round "4"]
[White "Jensen, Bent Kiel"]
[Black "Bohnstedt, Michael"]
[Result "1-0"]
[WhiteElo "1530"]
[BlackElo "1415"]
[PlyCount "42"]
[EventDate "2022.02.20"]
[EventType "swiss"]
[EventRounds "7"]
[EventCountry "DEN"]

1. d4 Nf6 2. c4 e6 3. Nf3 b6 4. g3 Bb7 5. Bg2 d5 6. b3 Nbd7 7. O-O c5 8. Nbd2
Qc7 9. Bb2 Bd6 10. Rc1 O-O-O 11. dxc5 Nxc5 12. b4 d4 13. bxc5 Bxc5 14. Nb3 e5
15. Nxc5 Qxc5 16. Qa4 Kb8 17. Ba3 Qc7 18. c5 Bc6 19. cxb6 Bxa4 20. bxc7+ Kc8
21. cxd8=Q+ Kxd8 1-0

[Event "Senior DM 65+ 2022"]
[Site "Aalborg"]
[Date "2022.02.23"]
[Round "4"]
[White "Nielsen, Bent K"]
[Black "Andersson, Finn"]
[Result "0-1"]
[WhiteElo "1163"]
[BlackElo "1767"]
[PlyCount "28"]
[EventDate "2022.02.20"]
[EventType "swiss"]
[EventRounds "7"]
[EventCountry "DEN"]

1. e4 c5 2. Nc3 Nc6 3. f4 g6 4. Bb5 Bg7 5. Nf3 Qb6 6. O-O Bxc3 7. Bc4 Bg7 8.
Ng5 e6 9. f5 Nf6 10. fxe6 dxe6 11. Rxf6 Bxf6 12. d3 O-O 13. Qf3 Bxb2 14. Rb1
Bd4+ 0-1

[Event "Senior DM 65+ 2022"]
[Site "Aalborg"]
[Date "2022.02.23"]
[Round "4"]
[White "Marshall, Michael O"]
[Black "Larsen, Hans Haagen"]
[Result "1-0"]
[WhiteElo "1746"]
[BlackElo "1618"]
[PlyCount "56"]
[EventDate "2022.02.20"]
[EventType "swiss"]
[EventRounds "7"]
[EventCountry "DEN"]

1. d4 d6 2. Nf3 g6 3. Nc3 Bg7 4. e4 Nc6 5. Bc4 e5 6. Be3 Bd7 7. Qd2 Na5 8. Be2
b6 9. b4 Nc6 10. a3 f5 11. exf5 gxf5 12. Bg5 Nce7 13. dxe5 dxe5 14. Rd1 h6 15.
Bh4 e4 16. Nd4 h5 17. O-O Nf6 18. Qg5 c6 19. Qxg7 Rg8 20. Qxf6 Ng6 21. Qxd8+
Rxd8 22. Bxd8 Kxd8 23. Bc4 Rh8 24. Nxf5 Kc7 25. Nd4 Ne5 26. Be6 Be8 27. Nxe4 h4
28. Nf6 Ng6 1-0

[Event "Senior DM 65+ 2022"]
[Site "Aalborg"]
[Date "2022.02.23"]
[Round "4"]
[White "Harders, Poul Erik"]
[Black "Stald, Flemming"]
[Result "0-1"]
[WhiteElo "1530"]
[BlackElo "1745"]
[PlyCount "32"]
[EventDate "2022.02.20"]
[EventType "swiss"]
[EventRounds "7"]
[EventCountry "DEN"]

1. d4 d5 2. c4 c6 3. Nf3 Nf6 4. Nc3 e6 5. Bg5 Be7 6. e3 O-O 7. cxd5 exd5 8. Bd3
Nbd7 9. Qc2 h6 10. Bh4 Re8 11. O-O Nf8 12. Ne5 g5 13. Bg3 Nh5 14. Bf5 Bd6 15.
Nxf7 Kxf7 16. Bg6+ Nxg6 0-1

[Event "Senior DM 65+ 2022"]
[Site "Aalborg"]
[Date "2022.02.23"]
[Round "4"]
[White "Nielsen, Peter"]
[Black "Nielsen, Mogens"]
[Result "0-1"]
[WhiteElo "1678"]
[BlackElo "1846"]
[PlyCount "70"]
[EventDate "2022.02.20"]
[EventType "swiss"]
[EventRounds "7"]
[EventCountry "DEN"]

1. e4 c5 2. Nc3 Nc6 3. Bb5 Nd4 4. Bc4 e6 5. Nf3 a6 6. a4 Nf6 7. d3 d5 8. Ba2
Be7 9. O-O dxe4 10. dxe4 O-O 11. Be3 Nc6 12. Qxd8 Rxd8 13. Rad1 Bd7 14. h3 Nb4
15. Bb3 Bc6 16. Bg5 h6 17. Bxf6 Bxf6 18. Rxd8+ Rxd8 19. Re1 c4 20. Bxc4 Nxc2
21. Re2 Nd4 22. Nxd4 Rxd4 23. e5 Rxc4 24. exf6 gxf6 25. f3 Bxa4 26. Ne4 Kg7 27.
Nd6 Rc1+ 28. Kh2 Bc6 29. Kg3 Rd1 30. Ne4 Kg6 31. Nc3 Rd3 32. Ne4 Bxe4 33. Rxe4
Rb3 34. Re2 b5 35. Rc2 a5 0-1

[Event "Senior DM 65+ 2022"]
[Site "Aalborg"]
[Date "2022.02.23"]
[Round "4.6"]
[White "Nielsen, Christian Volmer"]
[Black "Pilgaard, Johannes"]
[Result "1-0"]
[WhiteElo "1958"]
[BlackElo "1722"]
[PlyCount "51"]
[EventDate "2022.02.20"]
[EventType "swiss"]
[EventRounds "7"]
[EventCountry "DEN"]

1. e4 e6 2. d4 d5 3. e5 c5 4. c3 Nc6 5. Nf3 Qb6 6. a3 Bd7 7. b4 cxd4 8. cxd4 a6
9. Nc3 Na7 10. Bd3 Rc8 11. Qb3 Nb5 12. Ne2 Ne7 13. O-O Ng6 14. h4 h5 15. Bxg6
fxg6 16. Qd3 Kd8 17. Bg5+ Kc7 18. Rfc1+ Kb8 19. Qxg6 Rxc1+ 20. Bxc1 Qc7 21. Be3
Nc3 22. Nf4 Qb6 23. Ng5 Ka7 24. Ngxe6 Bxe6 25. Nxe6 Rg8 26. Qf7 1-0

[Event "Senior DM 65+ 2022"]
[Site "Aalborg"]
[Date "2022.02.23"]
[Round "4.7"]
[White "Thuesen, Mogens Henrik"]
[Black "Andreasen, Per Naesby"]
[Result "1/2-1/2"]
[WhiteElo "2145"]
[BlackElo "2219"]
[PlyCount "83"]
[EventDate "2022.02.20"]
[EventType "swiss"]
[EventRounds "7"]
[EventCountry "DEN"]

1. d4 d6 2. e4 g6 3. c4 Bg7 4. Nc3 e5 5. Nge2 Nc6 6. d5 Nce7 7. h4 Nf6 8. f3 h5
9. Bg5 Nh7 10. Be3 f5 11. Qd2 Nf6 12. Nc1 fxe4 13. fxe4 Ng4 14. Bg5 O-O 15. Nd3
Bf6 16. Be2 Bxg5 17. Qxg5 Kg7 18. Bf3 c6 19. O-O-O cxd5 20. cxd5 Ng8 21. Qxd8
Rxd8 22. Kd2 N8f6 23. Rc1 Bd7 24. b4 Kf7 25. a4 Ke7 26. b5 Rdc8 27. Na2 a6 28.
bxa6 Rxa6 29. Rxc8 Bxc8 30. Nc3 Nh6 31. Kc2 Nd7 32. Kb3 Nb8 33. Be2 Bg4 34. Nb4
Ra8 35. Rc1 Nd7 36. Nd3 Rc8 37. Bf3 Ng8 38. Ne2 Rxc1 39. Nexc1 Ngf6 40. Kb4
Bxf3 41. gxf3 Ne8 42. Ne2 1/2-1/2

[Event "Senior DM 65+ 2022"]
[Site "Aalborg"]
[Date "2022.02.23"]
[Round "4.8"]
[White "Jorgensen, Jorgen"]
[Black "Kolbak, Jens"]
[Result "0-1"]
[WhiteElo "2167"]
[BlackElo "2163"]
[PlyCount "74"]
[EventDate "2022.02.20"]
[EventType "swiss"]
[EventRounds "7"]
[EventCountry "DEN"]

1. f4 d5 2. Nf3 g6 3. g3 Bg7 4. Bg2 Nf6 5. c3 O-O 6. O-O c5 7. d3 Nc6 8. Na3
Rb8 9. Nh4 b5 10. f5 Ne5 11. Nc2 Bb7 12. Bf4 Nh5 13. Be3 Rc8 14. Bh3 Rc6 15.
Nf3 Nxf3+ 16. Rxf3 d4 17. Bd2 Rd6 18. Rf2 a5 19. cxd4 cxd4 20. Rc1 b4 21. Ne1
Qb6 22. Bg2 Nf6 23. Bf4 Rd7 24. Bh3 gxf5 25. Bxf5 e6 26. Bh3 Nd5 27. Qa4 Rdd8
28. Bg5 Rc8 29. Rxc8 Bxc8 30. Bg2 Bb7 31. Qd7 Qc6 32. Qxc6 Bxc6 33. Nc2 Rc8 34.
e4 dxe3 35. Nxe3 Bd4 36. Rc2 Nxe3 37. Rxc6 Nd5+ 0-1

[Event "Senior DM 65+ 2022"]
[Site "Aalborg"]
[Date "2022.02.23"]
[Round "4.9"]
[White "Christiansen, Jens Jorgen"]
[Black "Madsen, Svend Aage"]
[Result "1/2-1/2"]
[WhiteElo "2080"]
[BlackElo "1961"]
[PlyCount "33"]
[EventDate "2022.02.20"]
[EventType "swiss"]
[EventRounds "7"]
[EventCountry "DEN"]

1. d4 d5 2. c4 c6 3. Nf3 Nf6 4. Nc3 dxc4 5. a4 Bf5 6. Ne5 Nbd7 7. Nxc4 Qc7 8.
g3 e5 9. dxe5 Nxe5 10. Bf4 Nfd7 11. Nxe5 Nxe5 12. Qd4 f6 13. Bg2 a5 14. O-O Bb4
15. Rfd1 O-O 16. Bxe5 Qxe5 17. Qxe5 1/2-1/2

[Event "Senior DM 65+ 2022"]
[Site "Aalborg"]
[Date "2022.02.23"]
[Round "4.10"]
[White "Christiansen, Arne"]
[Black "Pakmor, Claus"]
[Result "1/2-1/2"]
[WhiteElo "2036"]
[BlackElo "1900"]
[PlyCount "43"]
[EventDate "2022.02.20"]
[EventType "swiss"]
[EventRounds "7"]
[EventCountry "DEN"]

1. d4 d5 2. c4 e6 3. Nc3 Nf6 4. cxd5 exd5 5. Bg5 c6 6. e3 Be7 7. Nf3 Nbd7 8.
Bd3 h6 9. Bh4 Nh5 10. Bxe7 Qxe7 11. O-O O-O 12. Qc2 Nb6 13. Rfe1 Nf6 14. Rac1
Be6 15. Ne5 Rac8 16. Ne2 Nfd7 17. Nxd7 Bxd7 18. a3 Rc7 19. b4 Nc8 20. Nf4 Be6
21. Be2 Nd6 22. a4 1/2-1/2

[Event "Senior DM 65+ 2022"]
[Site "Aalborg"]
[Date "2022.02.23"]
[Round "4.11"]
[White "Olesen, Poul Erik Norgaard"]
[Black "Pedersen, Borge"]
[Result "1-0"]
[WhiteElo "1963"]
[BlackElo "1881"]
[PlyCount "53"]
[EventDate "2022.02.20"]
[EventType "swiss"]
[EventRounds "7"]
[EventCountry "DEN"]

1. e4 c5 2. Nf3 Nc6 3. d4 cxd4 4. Nxd4 e5 5. Nb5 a6 6. Nd6+ Bxd6 7. Qxd6 Qf6 8.
Qd1 Qg6 9. Nc3 Nge7 10. f3 d6 11. Be3 O-O 12. Qd2 b5 13. g4 Bb7 14. Nd5 Nxd5
15. exd5 Nd4 16. Bxd4 exd4 17. Bd3 Rfe8+ 18. Kf2 Qf6 19. g5 Qd8 20. Qf4 Re5 21.
h4 Bxd5 22. Qxd4 Be6 23. Rad1 Qc7 24. Rhe1 Re8 25. f4 Rd5 26. Qxd5 Qb6+ 27. Kg3
1-0

[Event "Senior DM 65+ 2022"]
[Site "Aalborg"]
[Date "2022.02.23"]
[Round "4.12"]
[White "Moestrup, Jorn"]
[Black "Falberg, Hugo"]
[Result "1-0"]
[WhiteElo "1948"]
[BlackElo "1782"]
[PlyCount "105"]
[EventDate "2022.02.20"]
[EventType "swiss"]
[EventRounds "7"]
[EventCountry "DEN"]

1. Nf3 f5 2. d3 d5 3. e4 dxe4 4. dxe4 Qxd1+ 5. Kxd1 fxe4 6. Ng5 Nc6 7. Bc4 Ne5
8. Bb3 Bg4+ 9. Ke1 O-O-O 10. Nc3 Nh6 11. Ngxe4 g6 12. h3 Bf5 13. f4 Nc6 14. g4
Bxe4 15. Nxe4 Nd4 16. Be3 Nxb3 17. axb3 a6 18. Ng5 Rd6 19. c3 Bg7 20. Ke2 e5
21. Rad1 Rxd1 22. Rxd1 exf4 23. Bxf4 Bf6 24. Ne4 Re8 25. Kf3 Bg7 26. Ng5 Re7
27. Rd2 Nf7 28. Nxh7 Ne5+ 29. Kg3 Nc6 30. Ng5 Be5 31. Bxe5 Rxe5 32. h4 Na5 33.
Kf4 Re1 34. Nf3 Re8 35. Kg5 Nxb3 36. Rh2 Re3 37. Nd2 Nxd2 38. Rxd2 Re6 39. h5
gxh5 40. gxh5 Re5+ 41. Kg6 Re6+ 42. Kf7 Re1 43. Rg2 b5 44. h6 a5 45. Rg5 c6 46.
h7 Rh1 47. Rg8+ Kb7 48. h8=Q Rxh8 49. Rxh8 b4 50. cxb4 axb4 51. Ke6 Kb6 52. b3
Kc5 53. Ke5 1-0

[Event "Senior DM 65+ 2022"]
[Site "Aalborg"]
[Date "2022.02.23"]
[Round "4.13"]
[White "Mortensen, Steen Juul"]
[Black "Knudsen, Ole"]
[Result "1/2-1/2"]
[WhiteElo "1888"]
[BlackElo "1939"]
[PlyCount "57"]
[EventDate "2022.02.20"]
[EventType "swiss"]
[EventRounds "7"]
[EventCountry "DEN"]

1. d4 d5 2. Nf3 Nf6 3. c4 e6 4. Nc3 c6 5. g3 Nbd7 6. Bg2 Bb4 7. Qb3 a5 8. O-O
O-O 9. Rd1 b6 10. Bf4 dxc4 11. Qxc4 Ba6 12. Qb3 Bxc3 13. Qxc3 Bxe2 14. Re1 Bxf3
15. Bxf3 Rc8 16. Bd6 Nd5 17. Qb3 Re8 18. a4 N7f6 19. Be5 Nb4 20. Rad1 Nfd5 21.
g4 Kh8 22. Bg3 Qd7 23. Be5 f6 24. Bg3 c5 25. Be2 Qf7 26. Bb5 Red8 27. dxc5 bxc5
28. Bc4 g5 29. Rd2 1/2-1/2

[Event "Senior DM 65+ 2022"]
[Site "Aalborg"]
[Date "2022.02.23"]
[Round "4.14"]
[White "Gronhoj, Benny"]
[Black "Skovgaard, Tom"]
[Result "0-1"]
[WhiteElo "1877"]
[BlackElo "1936"]
[PlyCount "108"]
[EventDate "2022.02.20"]
[EventType "swiss"]
[EventRounds "7"]
[EventCountry "DEN"]

1. b3 e5 2. Bb2 Nc6 3. e3 Nf6 4. Nf3 e4 5. Nd4 Nxd4 6. exd4 d5 7. d3 Bf5 8.
dxe4 Nxe4 9. Bd3 Bd6 10. O-O O-O 11. Nd2 Nxd2 12. Qxd2 Bxd3 13. Qxd3 Qd7 14. c4
c6 15. c5 Bc7 16. Bc3 Rfe8 17. Rae1 Rxe1 18. Rxe1 Re8 19. Rxe8+ Qxe8 20. g3 g6
21. a4 Qe6 22. b4 a6 23. Bd2 Bd8 24. Kg2 Bf6 25. Be3 Bg7 26. Bf4 h5 27. Qe3
Qxe3 28. fxe3 f5 29. Kf3 Kf7 30. h3 Ke6 31. Bg5 Bf8 32. g4 hxg4+ 33. hxg4 Bg7
34. Kf4 fxg4 35. Kxg4 Bf8 36. Bf4 Kf7 37. Be5 Bh6 38. Bf4 Bf8 39. Kf3 Ke6 40.
e4 dxe4+ 41. Kxe4 Be7 42. Bh6 Bh4 43. Bg7 Be1 44. b5 axb5 45. axb5 cxb5 46. d5+
Kd7 47. Bf6 Bf2 48. c6+ bxc6 49. dxc6+ Kxc6 50. Bg5 Kc5 51. Kd3 Kd5 52. Ke2 Bc5
53. Kf3 b4 54. Kg4 Ke6 0-1

[Event "Senior DM 65+ 2022"]
[Site "Aalborg"]
[Date "2022.02.23"]
[Round "4.15"]
[White "Mikkelsen, Peter Jorgen Dam"]
[Black "Davidsen, Niels Chr"]
[Result "1-0"]
[WhiteElo "2148"]
[BlackElo "1937"]
[PlyCount "85"]
[EventDate "2022.02.20"]
[EventType "swiss"]
[EventRounds "7"]
[EventCountry "DEN"]

1. d4 d5 2. Nf3 Nf6 3. Bf4 g6 4. e3 Bg7 5. h3 O-O 6. Bd3 c5 7. c3 b6 8. O-O Ba6
9. Ne5 Bxd3 10. Qxd3 Nfd7 11. Nxd7 Nxd7 12. Nd2 c4 13. Qc2 e5 14. dxe5 Bxe5 15.
Bh6 Bg7 16. Bxg7 Kxg7 17. e4 Nc5 18. Rad1 b5 19. b3 dxe4 20. Nxc4 Qc7 21. Nd6
Qc6 22. b4 Nd3 23. Nxe4 Nxb4 24. Qb2 Qxe4 25. cxb4+ Kg8 26. Rfe1 Qb7 27. Re5
Rad8 28. Rde1 Qb6 29. Re7 a6 30. a3 Qd6 31. g3 Qc6 32. h4 Rfe8 33. Qe5 Rxe7 34.
Qxe7 Qd6 35. Qb7 Rd7 36. Re8+ Kg7 37. Qc8 Qd1+ 38. Kh2 Qd2 39. Qc5 Qd4 40. Qf8+
Kf6 41. Re3 Kf5 42. Rf3+ Ke6 43. Qe8+ 1-0

[Event "Senior DM 65+ 2022"]
[Site "Aalborg"]
[Date "2022.02.23"]
[Round "4.16"]
[White "Fjordside, Arne Dan"]
[Black "Gronhoj, Soren"]
[Result "1/2-1/2"]
[WhiteElo "1914"]
[BlackElo "2006"]
[PlyCount "61"]
[EventDate "2022.02.20"]
[EventType "swiss"]
[EventRounds "7"]
[EventCountry "DEN"]

1. d4 d5 2. Bf4 e6 3. e3 Bd6 4. Bg3 Nf6 5. Nf3 Ne4 6. Bd3 Nxg3 7. hxg3 h6 8. c3
b6 9. Nbd2 Nd7 10. Bb5 Bb7 11. Qa4 a6 12. Bd3 c6 13. e4 b5 14. Qc2 c5 15. exd5
Bxd5 16. Be4 Nf6 17. Bxd5 Nxd5 18. Ne4 Rc8 19. Qe2 cxd4 20. Nxd4 O-O 21. Rd1
Be7 22. a4 bxa4 23. Qxa6 Qb6 24. Qxb6 Nxb6 25. Ra1 Rfd8 26. O-O Rd5 27. g4 g6
28. Rfe1 h5 29. gxh5 Rxh5 30. g3 Kg7 31. Kg2 1/2-1/2

[Event "Senior DM 65+ 2022"]
[Site "Aalborg"]
[Date "2022.02.23"]
[Round "4.17"]
[White "Rostgaard, Bjarne"]
[Black "Johnsen, Oystein"]
[Result "0-1"]
[WhiteElo "1454"]
[BlackElo "1948"]
[PlyCount "86"]
[EventDate "2022.02.20"]
[EventType "swiss"]
[EventRounds "7"]
[EventCountry "DEN"]

1. d4 f5 2. Qd3 d6 3. g4 fxg4 4. h3 Nf6 5. hxg4 Bxg4 6. Bh3 Qd7 7. f3 Bxh3 8.
Nxh3 Nc6 9. Ng5 e5 10. Nxh7 Rxh7 11. Rxh7 Nxh7 12. Qxh7 Nxd4 13. c3 Qf5 14.
Qxf5 Nxf5 15. Bg5 Be7 16. Bxe7 Kxe7 17. Nd2 Rh8 18. O-O-O Rh2 19. Re1 Ne3 20.
Ne4 d5 21. Nc5 b6 22. Nd3 Kf6 23. b3 c5 24. Kd2 Ng2 25. Rf1 g5 26. Nf2 Ke6 27.
Ng4 Rh5 28. e3 a6 29. Ke2 Nh4 30. Rh1 Nf5 31. Rg1 d4 32. cxd4 exd4 33. e4 Nh4
34. Nf2 Ng6 35. Ng4 Nf4+ 36. Kd2 Rh3 37. Rf1 Rg3 38. Rh1 Rh3 39. Rf1 Ng6 40.
Ke2 Ne5 41. Nxe5 Kxe5 42. Rf2 Kf4 43. Kd3 g4 0-1

[Event "Senior DM 65+ 2022"]
[Site "Aalborg"]
[Date "2022.02.23"]
[Round "4.18"]
[White "Gottschalck, Christian"]
[Black "Pedersen, Karsten Nymann"]
[Result "1/2-1/2"]
[WhiteElo "1746"]
[BlackElo "2073"]
[PlyCount "99"]
[EventDate "2022.02.20"]
[EventType "swiss"]
[EventRounds "7"]
[EventCountry "DEN"]

1. c4 Nf6 2. Nc3 e6 3. Nf3 d5 4. e3 c5 5. cxd5 exd5 6. d4 Nc6 7. Bb5 a6 8.
Bxc6+ bxc6 9. Qa4 cxd4 10. exd4 Bb7 11. O-O Be7 12. Re1 O-O 13. Bg5 h6 14. Bh4
Re8 15. Ne5 Rc8 16. Qb3 Ba8 17. f3 Rb8 18. Qc2 Qb6 19. Bf2 Qxb2 20. Qd3 Bb4 21.
Na4 Qa3 22. Qxa3 Bxa3 23. Rab1 Rxb1 24. Rxb1 Bd6 25. Bg3 Nh5 26. Kf2 Nxg3 27.
hxg3 Rb8 28. Rxb8+ Bxb8 29. Nd7 Bc7 30. Ndc5 a5 31. f4 Kf8 32. Kf3 Ke7 33. g4
g5 34. g3 Kd8 35. Nb2 Bd6 36. Nbd3 f6 37. a4 Kc8 38. Ke3 Bb7 39. Nc1 Kc7 40.
N1b3 Bc8 41. Kf3 Kb6 42. f5 h5 43. gxh5 Bxf5 44. g4 Bh7 45. Nd7+ Kc7 46. Nxf6
Bc2 47. Ne8+ Kd7 48. Nxd6 Kxd6 49. Nc5 Ke7 50. Ke2 1/2-1/2

[Event "Senior DM 65+ 2022"]
[Site "Aalborg"]
[Date "2022.02.24"]
[Round "5"]
[White "Pilgaard, Johannes"]
[Black "Harders, Poul Erik"]
[Result "1-0"]
[WhiteElo "1722"]
[BlackElo "1530"]
[PlyCount "55"]
[EventDate "2022.02.20"]
[EventType "swiss"]
[EventRounds "7"]
[EventCountry "DEN"]

1. e4 c5 2. d4 cxd4 3. c3 dxc3 4. Nxc3 Nc6 5. Bc4 e6 6. Nf3 a6 7. O-O Qc7 8.
Qe2 Bd6 9. Rd1 Nge7 10. Bg5 Ng6 11. Rac1 O-O 12. g3 h6 13. Be3 Nge5 14. Nxe5
Bxe5 15. f4 Bxc3 16. Rxc3 b5 17. Bb3 Qb7 18. Bc5 Re8 19. e5 a5 20. Bc2 b4 21.
Rf3 d5 22. exd6 Qd7 23. Ba4 Bb7 24. Qe4 Rac8 25. Bb6 Nd8 26. Bxd7 Bxe4 27. Bxc8
Bxf3 28. Rc1 1-0

[Event "Senior DM 65+ 2022"]
[Site "Aalborg"]
[Date "2022.02.24"]
[Round "5"]
[White "Andersson, Finn"]
[Black "Rostgaard, Bjarne"]
[Result "1/2-1/2"]
[WhiteElo "1767"]
[BlackElo "1454"]
[PlyCount "50"]
[EventDate "2022.02.20"]
[EventType "swiss"]
[EventRounds "7"]
[EventCountry "DEN"]

1. e4 e6 2. d4 d5 3. Nc3 Nf6 4. Bg5 Be7 5. e5 Nfd7 6. Bxe7 Qxe7 7. f4 a6 8. Nf3
c5 9. dxc5 Nc6 10. Nd4 Qxc5 11. Nb3 Qe3+ 12. Ne2 g5 13. g3 gxf4 14. gxf4 Rg8
15. Qd3 Qxd3 16. cxd3 b6 17. d4 a5 18. Kd2 Ba6 19. Rc1 Rc8 20. Ng3 Bxf1 21.
Rhxf1 Kd8 22. Ke3 f5 23. Rf2 a4 24. Na1 Nb4 25. Rxc8+ Kxc8 1/2-1/2

[Event "Senior DM 65+ 2022"]
[Site "Aalborg"]
[Date "2022.02.24"]
[Round "5"]
[White "Pedersen, Karsten Nymann"]
[Black "Kristensen, Lars Ostergaard"]
[Result "1-0"]
[WhiteElo "2073"]
[BlackElo "1530"]
[PlyCount "29"]
[EventDate "2022.02.20"]
[EventType "swiss"]
[EventRounds "7"]
[EventCountry "DEN"]

1. d4 Nf6 2. g3 d5 3. Bg2 e6 4. Nf3 c6 5. O-O Be7 6. c4 O-O 7. Nc3 Nbd7 8. Nd2
Re8 9. Re1 Nf8 10. e4 dxe4 11. Ndxe4 Ng6 12. h4 Bf8 13. h5 Nxe4 14. hxg6 fxg6
15. Nxe4 1-0

[Event "Senior DM 65+ 2022"]
[Site "Aalborg"]
[Date "2022.02.24"]
[Round "5"]
[White "Rasmussen, Anders"]
[Black "Nielsen, Peter"]
[Result "0-1"]
[WhiteElo "1474"]
[BlackElo "1678"]
[PlyCount "72"]
[EventDate "2022.02.20"]
[EventType "swiss"]
[EventRounds "7"]
[EventCountry "DEN"]

1. c4 c5 2. Nc3 Nc6 3. g3 g6 4. Bg2 Bg7 5. d3 e6 6. e3 Nge7 7. Nge2 O-O 8. O-O
d5 9. d4 cxd4 10. cxd5 dxc3 11. dxc6 cxb2 12. Bxb2 bxc6 13. Bxg7 Kxg7 14. Rc1
Bb7 15. Qa4 Qc7 16. Nd4 Nd5 17. Nxc6 Bxc6 18. Rxc6 Qe7 19. Rfc1 Kg8 20. Bxd5
exd5 21. Rc7 Qf6 22. R1c2 Rab8 23. Rxa7 Rb1+ 24. Kg2 Qa1 25. Rcc7 Rg1+ 26. Kf3
Qf1 27. Qc2 Qg2+ 28. Ke2 Rf1 29. Kd3 Rxf2 30. Qb3 Qe4+ 31. Kc3 Qxe3+ 32. Kb4
Rb8+ 33. Rab7 Rxb7+ 34. Rxb7 Qd2+ 35. Ka4 Qxa2+ 36. Qxa2 Rxa2+ 0-1

[Event "Senior DM 65+ 2022"]
[Site "Aalborg"]
[Date "2022.02.24"]
[Round "5"]
[White "Bohnstedt, Michael"]
[Black "Nielsen, Bent K"]
[Result "1-0"]
[WhiteElo "1415"]
[BlackElo "1163"]
[PlyCount "29"]
[EventDate "2022.02.20"]
[EventType "swiss"]
[EventRounds "7"]
[EventCountry "DEN"]

1. e4 g6 2. d4 Bg7 3. Nf3 Nf6 4. Nc3 O-O 5. e5 Ne8 6. Bc4 h6 7. Qd3 e6 8. d5 d6
9. dxe6 Bxe6 10. Bxe6 fxe6 11. Qxg6 dxe5 12. Ne4 Nd7 13. Bxh6 Kh8 14. Nfg5 Ndf6
15. Nxf6 1-0

[Event "Senior DM 65+ 2022"]
[Site "Aalborg"]
[Date "2022.02.24"]
[Round "5"]
[White "Larsen, Hans Haagen"]
[Black "Jensen, Bent Kiel"]
[Result "0-1"]
[WhiteElo "1618"]
[BlackElo "1530"]
[PlyCount "106"]
[EventDate "2022.02.20"]
[EventType "swiss"]
[EventRounds "7"]
[EventCountry "DEN"]

1. b4 Nf6 2. Bb2 d5 3. e3 Bf5 4. Nf3 e6 5. b5 c5 6. Be2 Be7 7. Nh4 Bg6 8. f4
Ne4 9. Nf3 O-O 10. O-O Nd7 11. d3 Nd6 12. a4 Bf6 13. Ne5 Nf5 14. Qc1 Nxe5 15.
Bxe5 Rc8 16. g4 Nh6 17. Nd2 Bxe5 18. fxe5 Qg5 19. Rf4 Qxe5 20. Nf3 Qd6 21. Qb2
f6 22. Nh4 Be8 23. Raf1 e5 24. R4f2 Bd7 25. g5 fxg5 26. Rxf8+ Rxf8 27. Rxf8+
Kxf8 28. Nf3 Nf7 29. d4 cxd4 30. exd4 exd4 31. Qxd4 b6 32. c4 dxc4 33. Bxc4
Qxd4+ 34. Nxd4 Ne5 35. Bd5 Ke7 36. Kf2 Kd6 37. Bg8 h6 38. Kg3 Nd3 39. Bb3 Nb2
40. h4 gxh4+ 41. Kxh4 Be8 42. Nf5+ Kc5 43. Nxg7 Bd7 44. Bc2 Kb4 45. Bf5 Bxf5
46. Nxf5 Nxa4 47. Nd6 Nc3 48. Kh5 Nxb5 49. Nc8 Kc5 50. Ne7 a5 51. Nf5 a4 52.
Ne3 a3 53. Nc2 Kc4 0-1

[Event "Senior DM 65+ 2022"]
[Site "Aalborg"]
[Date "2022.02.25"]
[Round "6"]
[White "Kristensen, Lars Ostergaard"]
[Black "Bohnstedt, Michael"]
[Result "0-1"]
[WhiteElo "1530"]
[BlackElo "1415"]
[PlyCount "40"]
[EventDate "2022.02.20"]
[EventType "swiss"]
[EventRounds "7"]
[EventCountry "DEN"]

1. d4 Nf6 2. c4 e6 3. Nc3 d5 4. cxd5 Nxd5 5. e4 Nxc3 6. bxc3 c5 7. Nf3 cxd4 8.
cxd4 a6 9. Bc4 b5 10. Bb3 Bb7 11. d5 exd5 12. exd5 Bb4+ 13. Bd2 Qe7+ 14. Kf1
O-O 15. Bg5 Qd6 16. Qd4 Bc5 17. Qd3 Nd7 18. Bh4 Ne5 19. Nxe5 Qxe5 20. Bg3 Qxa1+
0-1